=LDR 00000nam 2200000 4500 =001 NUTBA000000000006282 =005 20141201081722.0 =006 =007 =008 =020 ##$$a 979-728-676-2 =035 ##$$a 0010-121400000000006 =040 ##$$a NBPDMAT =082 ##$$a 570.7 =090 ##$$a 570.7 $b Adn b =100 ##$$a Adnan =245 ##$$a Biologi untuk SMA dan MAkelas 12 / $c Adnan Ernawati Kaseng =260 ##$$a Jakarta : $b Widya Utama, $c 2009 =300 ##$$a 184 hlm. : $b ilus. ; $c 28 cm. =650 ##$$a Biologi-Studi dan pengajaran